NATO Országok - Hirtelen Halál - Statistics

General Stats
  • This quiz has been taken 49 times
  • The average score is 18 of 32
Answers on the Grid
Answers color-coded by a green-red scale on the quiz's grid according to % correct below.
Albánia
Andorra
Belgium
Bulgária
Csehország
Dánia
Egyesült Államok
Egyesült Királyság
Észak-Macedónia
Észtország
Fehéroroszország
Finnország
Franciaország
Görögország
Hollandia
Horvátország
Izland
Izrael
Kanada
Lengyelország
Lettország
Liechtenstein
Litvánia
Luxemburg
Magyarország
Mexikó
Moldova
Monaco
Montenegró
Németország
Norvégia
Olaszország
Oroszország
Portugália
Románia
San Marino
Spanyolország
Svájc
Svédország
Szerbia
Szlovákia
Szlovénia
Tajvan
Törökország
Ukrajna
 
Answer Stats
Answer % Correct
Egyesült Államok
84%
Magyarország
80%
Csehország
76%
Franciaország
76%
Belgium
72%
Egyesült Királyság
68%
Lengyelország
68%
Spanyolország
68%
Horvátország
64%
Németország
64%
Olaszország
64%
Bulgária
60%
Finnország
60%
Hollandia
60%
Portugália
60%
Románia
60%
Svédország
60%
Görögország
56%
Szlovákia
56%
Dánia
52%
Észtország
52%
Kanada
52%
Szlovénia
52%
Törökország
48%
Lettország
44%
Luxemburg
44%
Izland
40%
Litvánia
40%
Albánia
36%
Norvégia
36%
Észak-Macedónia
24%
Montenegró
24%
No matching quizzes found
Score Distribution
Percent of People with Each Score
Percentile by Number Answered
Your Score History
You have not taken this quiz